Turbulence, waves and instabilities in the solar plasma (Record no. 16258)
[ view plain ]
| 000 -LEADER | |
|---|---|
| fixed length control field | 00882nam a2200229Ia 4500 |
| 003 - CONTROL NUMBER IDENTIFIER | |
| control field | IN-BaIIA |
| 008 - FIXED-LENGTH DATA ELEMENTS--GENERAL INFORMATION | |
| fixed length control field | 211028s9999 xx 000 0 eng d |
| 020 ## - INTERNATIONAL STANDARD BOOK NUMBER | |
| International Standard Book Number | 1-4020-1658-1 |
| 040 ## - CATALOGING SOURCE | |
| Transcribing agency | IIA Library |
| 080 ## - UNIVERSAL DECIMAL CLASSIFICATION NUMBER | |
| Universal Decimal Classification number | 523.9 |
| Item number | ERD |
| 111 ## - MAIN ENTRY--MEETING NAME | |
| Meeting name or jurisdiction name as entry element | NATO Advanced Research Workshop |
| Location of meeting | Hungary |
| Date of meeting or treaty signing | 2002 Sept. 16-20 |
| 9 (RLIN) | 30094 |
| 245 #0 - TITLE STATEMENT | |
| Title | Turbulence, waves and instabilities in the solar plasma |
| Remainder of title | proceedings of the NATO Advanced Research Workshop held in Lillafured, Hungary, 16-20 September 2002 |
| Statement of responsibility, etc. | edited by R. Erdelyi |
| 260 ## - PUBLICATION, DISTRIBUTION, ETC. | |
| Place of publication, distribution, etc. | Dordrecht |
| Name of publisher, distributor, etc. | Kluwer Academic |
| Date of publication, distribution, etc. | 2004 |
| 300 ## - PHYSICAL DESCRIPTION | |
| Extent | xiii, 388p. |
| 490 ## - SERIES STATEMENT | |
| Series statement | NATO science series: II. mathematics, physics and chemistry; v. 124 |
| 650 ## - SUBJECT ADDED ENTRY--TOPICAL TERM | |
| Topical term or geographic name entry element | Solar atmosphere |
| 9 (RLIN) | 4799 |
| 650 ## - SUBJECT ADDED ENTRY--TOPICAL TERM | |
| Topical term or geographic name entry element | Solar corona |
| 650 ## - SUBJECT ADDED ENTRY--TOPICAL TERM | |
| Topical term or geographic name entry element | Turbulence |
| 9 (RLIN) | 2672 |
| 700 ## - ADDED ENTRY--PERSONAL NAME | |
| Personal name | Erdelyi, R. ed. |
| 9 (RLIN) | 30095 |
| 710 ## - ADDED ENTRY--CORPORATE NAME | |
| Corporate name or jurisdiction name as entry element | NATO Advanced Research Workshop |
| 9 (RLIN) | 30096 |
| 942 ## - ADDED ENTRY ELEMENTS (KOHA) | |
| Koha item type | Books |
| Withdrawn status | Lost status | Damaged status | Not for loan | Home library | Current library | Shelving location | Date acquired | Source of acquisition | Cost, normal purchase price | Total Checkouts | Full call number | Barcode | Date last seen | Cost, replacement price | Price effective from | Koha item type | Purchase Price |
|---|---|---|---|---|---|---|---|---|---|---|---|---|---|---|---|---|---|
| IIA Library-Bangalore | IIA Library-Kodaikanal | General Stacks | 06/11/2006 | SH | 9045.80 | 523.9/ERD | 17180 | 05/11/2021 | 9045.80 | 06/11/2006 | Books | Rs. 9045.80 |